000 00545cam a2200145 4500500
005 20260201143107.0
041 _afre
042 _adc
100 1 0 _aGranchamp Thiam, Jacqueline
_eauthor
245 0 0 _aBamako, long métrage franco-malien, 1er Prix du Film du Conseil de l’Europe, d’Abderrahmane Sissako
260 _c2005.
500 _a62
786 0 _nPrésence Africaine | 172 | 2 | 2005-06-01 | p. 199f-206f | 0032-7638
856 4 1 _uhttps://shs.cairn.info/revue-presence-africaine-2005-2-page-199f?lang=fr&redirect-ssocas=7080
999 _c1642858
_d1642858